La educacion, actividad interpretativa hermenǔtica y filosofia de la educacin̤ /

Bibliographic Details
Main Author: Garca̕ Amilburu, Mara̕
Format: Unknown
Language:Spanish
Published: Madrid : Dykinson, 2002
Subjects:
Online Access:Acceso restringido

MARC

LEADER 00000ny a22000003n 4500
005 2011062107207.0
006 m u
007 cr cn|||||||||
008 200508r2002 sp |||||s|||||||||||spa d
020 |a 9788497721325 
035 |a 273 
040 |a FlNmELB  |c FlNmELB  |d vlex 
050 1 4 |a LB14.6  |b G216 2002eb 
090 |c 1316  |d 1316 
100 1 |a Garca̕ Amilburu, Mara̕ 
245 1 3 |a La educacion, actividad interpretativa  |h [Recurso electrn̤ico]  |b hermenǔtica y filosofia de la educacin̤ /  |c Mara̕ Garca̕ Amilburu 
256 |a Servicio en ln̕ea 
260 |a Madrid :  |b Dykinson,  |c 2002 
300 |a [9]-167 p 
506 1 |a Contenido solo disponible en los productos indicados  |d vLex Global  |d vLex Global (Academic Edition, excluding Law Schools)  |d vLex Global (U.S. Academic Edition, Law Schools)  |d vLex Global (U.S. Academic Edition, excluding Law Schools)  |d vLex Global (Academic Edition, Law Schools) 
650 0 7 |2 Tesauro vLex  |a Filosofa̕ del derecho 
650 0 7 |2 Tesauro vLex  |a Educacin̤ publica 
650 0 7 |2 Tesauro vLex  |a Derechos educativos 
740 0 |a vLex Libros (Servicios en ln̕ea) 
856 4 0 |z Acceso restringido  |u http://vlex.com/source/273 
942 |c BOOK